| 000 | 00543nam a2200181 a 4500 | ||
|---|---|---|---|
| 001 | 000043853 | ||
| 005 | 20201002045016.0 | ||
| 008 | 140507s1970 sp a 000 p spa d | ||
| 040 |
_aDO-SdBNP _bspa _cBNPHU |
||
| 082 |
_axxxx _bxxxx |
||
| 245 | 0 | 1 |
_aCuarenta poemas : _bantología. |
| 246 | 1 | 0 | _a40 poemas |
| 260 |
_aMadrid : _bHelios, _c1970. |
||
| 300 |
_a120 p. : _bil. ; _c17 cm. |
||
| 490 | 1 |
_aPoesía saco roto _v3 |
|
| 500 | _aIncluye referencias bibliográficas y notas al pie de las páginas | ||
| 830 | 0 |
_aPoesía saco roto ; _n3 _971718 |
|
| 999 |
_c43342 _d43342 |
||